Oxford phrasal verbs dictionary for learners of english

Guardat en:
Dades bibliogràfiques
Format: Llibre
Publicat: Oxford Oxford Univ. Press 2006
Edició:New ed.
Matèries:
Etiquetes: Afegir etiqueta
Sense etiquetes, Sigues el primer a etiquetar aquest registre!
Thư viện lưu trữ: Trung tâm Học liệu Lê Vũ Hùng, Trường Đại học Đồng Tháp
LEADER 00779pam a22002778a 4500
001 00027678
005 20171026081023.0
008 111208s2006 ||||||Engsd
020 # # |a 9780194317214 
041 0 # |a Eng 
082 1 4 |a 423  |b O435P 
245 0 0 |a Oxford phrasal verbs dictionary for learners of english 
250 # # |a New ed. 
260 # # |a Oxford  |b Oxford Univ. Press  |c 2006 
300 # # |a 398p.  |c 20cm. 
650 # 4 |a Từ điển tiếng Anh  |x Sách tra cứu 
653 # # |a Từ điển 
653 # # |a Động từ 
852 # # |b Kho đọc  |j KD.0012812 
852 # # |j KD.0012812 
910 0 # |a Ntuyet  |d 08/12/2011 
980 # # |a Trung tâm Học liệu Lê Vũ Hùng, Trường Đại học Đồng Tháp